| 000 | 00613nam a22001937a 4500 | ||
|---|---|---|---|
| 005 | 20251108164302.0 | ||
| 008 | 250721s1979 xx 000 0 ara d | ||
| 082 | 1 | 4 | _a811.409/شوق |
| 100 | 1 | _aضيف، شوقي | |
| 245 | 1 | 0 | _aالشعر و الغناء في المدنية و مكه لعصر بني أميه / |
| 250 | _aط4.، منقحة | ||
| 264 | 1 |
_aالقاهرة : _bدار المعارف، _c1979. |
|
| 300 | _a333ص. | ||
| 490 | 0 | _aمكتبة الدراسات الأدبية ؛69 | |
| 650 | 1 | 7 | _aالنقد الأدبي |
| 650 | 1 | 7 | _aالعصر الأموي |
| 942 |
_2ddc _cBK |
||
| 999 |
_c8371 _d8371 |
||